Préfectures françaises en énigmes #Moyen - Statistiques

Statistiques générales
  • Ce quiz a été pris 34 fois
  • Le résultat moyen est 17 sur 45
Statistiques - réponses
Définitions Réponses % Correct
Cartable, Cabas... SAC
90%
Sport de Djokovic TENNIS
90%
Lieu pour boire BAR
81%
Un parent MERE
81%
Pas foncé CLAIR
74%
C'est a lui!!! SON
74%
Avoir un strabisme LOUCHER
71%
Ville héraultaise SETE
65%
Lien du VIH SIDA
61%
Préfecture MARSEILLE
52%
Préfecture MONTPELLIER
52%
Ils sont petits NAINS
48%
Traits intérieurs du cercle RAYONS
45%
Préfecture SAINT DENIS
45%
Alcool du Martini GIN
42%
Préfecture SAINT ETIENNE
42%
Préfecture LA ROCHE SUR YON
39%
Des étoiles Super NOVA
39%
Préfecture ORLEANS
39%
Exprime sa colère RALE
39%
Vitre noire TEINTEE
39%
Elle fait tout BONNE
35%
Préfecture CHARLEVILLE-MEZIERES
35%
Préfecture AURILLAC
32%
Préfecture BESANCON
32%
Obligent FORCENT
32%
Elément n°13 ALU
29%
Préfecture AVIGNON
29%
Préfecture CHAMBERY
29%
Proche du mauve LILAS
29%
Essaye OSE
26%
Préfecture FORT DE FRANCE
23%
Galette de riz NEM
23%
Préfecture PERIGUEUX
19%
Ville du Liban Sud TYR
19%
Préfecture BASSETERRE
16%
Engin ou oiseau GRUE
16%
Synonyme dévot PIEUX
16%
Préfecture TROYES
13%
Souder BRASER
10%
Liquide corporel CHYME
10%
Pochette belge FARDE
6%
Assemblerais des pièces CHEVILLERAIS
3%
Concilierez en synonyme MELEREZ
3%
Brise sous l'eau TORPILLE
3%
Aucun quiz correspondant
Distribution des résultats
% des personnes avec chaque résultat
Percentile par nombre de réponses
Votre historique - résultats
Vous n’avez pas pris ce quiz